00827nam a2200229 a 450000100060000000300080000600500170001400800410003103500190007204000350009104100080012608200190013424501430015326000580029630000250035450400200037965000180039965100370041765100660045470000490052070000280056928468BD-RjUL20211209051304.0140330s1970 nyu 001 0 eng d a(BD-RjUL)28549 aBD-RjULbengcBD-RjULdBD-RjUL aeng a980bQUE 197004aThe quest for change in Latin America :bsources for a twentieth-century analysis /cedited by W. Raymond Duncan and James Nelson Goodsell aNew York ;aLondon :bOxford University Press,c1970. axiv, 562 p. ;c22 cm aIncludes index. aLatin America 0aLatin AmericaxSocial conditions 0aLatin AmericaxPolitics and governmenty20th centuryxSources1 aDuncan, W. Raymondq(Walter Raymond),d1936-1 aGoodsell, James Nelson.